Logo BPK

Biblioteka

Politechniki Koszalińskiej

The Business (Rekord nr 41239)

Szczegóły MARC
000 -ETYKIETA REKORDU
podpole kontrolne o stałej długości 01042nmm a2200325 i 4500
001 - NUMER KONTROLNY REKORDU
pole kontrolne bg
020 ## - MIĘDZYNARODOWY ZNORMALIZOWANY NUMER KSIĄŻKI - ISBN
ISBN 9780230021556
040 ## - ŹRÓDŁO KATALOGOWANIA
Instytucja, która utworzyła rekord BPK
041 1# - KOD JĘZYKA
Kod języka tekstu ger
044 ## - KOD KRAJU WYDAWCY/PRODUCENTA
Kod kraju wydawcy/producenta DEU
920 ## - Międzynarodowy znormalizowany numer książki – ISBN
ISBN 978-0-230-02155-6
008 - POLE O STAŁEJ DŁUGOŚCI - DANE KONTROLNE
podpole kontrolne o stałej długości s pl f |000 0 pol
100 1# - NAZWA OSOBOWA
Nazwa osobowa Allison, John.
245 10 - TYTUŁ/ODPOWIEDZIALNOŚĆ
Tytuł The Business
Typ dokumentu [Dokument elektroniczny] :
Ciąg dalszy tytułu pre-intermediate /
Pozostałe elementy strefy tytułu i oznaczenia odpowiedzialności John Allison, Will Capel & Pete Sharma.
246 30 - WARIANT TYTUŁU
Tytuł Business
250 ## - STREFA WYDANIA
Oznaczenie wydania Version 1.0.0801., impr.
260 ## - STREFA ADRESU WYDAWNICZEGO
Miejsce wydania [S.l.] :
Nazwa wydawcy/dystrybutora Macmillan Publishers,
Data publikacji, dystrybucji/powstania dokumentu cop. 2008.
300 ## - STREFA OPISU FIZYCZNEGO
Objętość 1 dysk optyczny (DVD-ROM) :
Inne cechy fizyczne kolor ;
Rozmiary 12 cm.
500 ## - UWAGI OGÓLNE
Tekst uwagi Opis z etykiety na dysku.
500 ## - UWAGI OGÓLNE
Tekst uwagi Koperta : 13x13 cm.
500 ## - UWAGI OGÓLNE
Tekst uwagi Stanowi całość z podręcznikiem o tym samym tyt.
650 #9 - HASŁO PRZEDMIOTOWE W FORMIE NAZWY OGÓLNEJ LUB JEDNOSTKOWEJ
Nazwa ogólna lub geograficzna Język angielski
650 #9 - HASŁO PRZEDMIOTOWE W FORMIE NAZWY OGÓLNEJ LUB JEDNOSTKOWEJ
Nazwa ogólna lub geograficzna Nauki ekonomiczne
Określnik ogólny terminologia
655 ## - TERMIN INDEKSOWY - OKREŚLENIE RODZAJU/FORMY DOKUMENTU
Określenie rodzaju/formy dokumentu Podręczniki
655 ## - TERMIN INDEKSOWY - OKREŚLENIE RODZAJU/FORMY DOKUMENTU
Określenie rodzaju/formy dokumentu Dokumenty elektroniczne
700 1# - HASŁO DODATKOWE - NAZWA OSOBOWA
Nazwa osobowa Capel, Will.
700 1# - HASŁO DODATKOWE - NAZWA OSOBOWA
Nazwa osobowa Sharma, Pete.
856 ## - LOKALIZACJA I DOSTĘP DO ELEKTRONICZNYCH DOKUMENTÓW ZDALNYCH
Link (URL) http://koha.tu.koszalin.pl/cgi-bin/koha/opac-detail.pl?biblionumber=41239
Tekst linku Katalog online BPK
946 ## - DANE ZAMÓWIENIA
c 27,97
942 ## - DODATKOWE ELEMENTY (KOHA)
Typ dokumentu Płyta DVD
Egzemplarze
Wycofany Status egzemplarza Uszkodzony Dostępność Lokalizacja stała Lokalizacja bieżąca Miejsce przechowywania Sygnatura Kod kreskowy Dział Typ dokumentu
      Tylko na miejscu Biblioteka Politechniki Koszalińskiej Biblioteka Politechniki Koszalińskiej Czytelnia Wydziałowa ul. Kwiatkowskiego 6e DD 1597 02201832 811.111'373 Język angielski - słownictwo Płyta DVD
© 2023 Biblioteka Politechniki Koszalińskiej :: KOHA